Efektivnost informačních systémů

Guardado en:
Detalles Bibliográficos
Autor principal: Molnár, Zdeněk (Autor)
Formato: Libro
Lenguaje:checo
Publicado: Praha : Grada Publishing, 2001
Edición:2. rozš. vyd.
Materias:
Etiquetas: Agregar Etiqueta
Sin Etiquetas, Sea el primero en etiquetar este registro!

MARC

LEADER 00000nam a22000003a 4500
001 stu73595
005 20190206132321.6
008 020205s2001----xr------------------cze-d
020 |a 80-247-0087-5 
040 |a STU  |b slo 
041 0 |a cze 
044 |a xr 
080 |a 007+004  |7 stu_us_auth*stu8850 
100 1 |a Molnár, Zdeněk  |4 aut 
245 1 |a Efektivnost informačních systémů 
250 |a 2. rozš. vyd. 
260 |a Praha :  |b Grada Publishing,  |c 2001 
300 |a 179 s 
650 7 |a systémy informačné  |2 stusub 
650 7 |a Technológie informačné  |2 stusub 
996 |b 284M034634  |c M*10856-1  |l MMST  |s A  |a 24  |w stu73595_0001 
996 |b 284M034635  |c M*10856-2  |l MMST  |s A  |a 24  |w stu73595_0002